[Event "Erba op-A 1st"]
[Site "Erba"]
[Date "2007.02.24"]
[Round "2"]
[White "Sironi, Roberto"]
[Black "Annoni, Riccardo"]
[Result "0-1"]
[WhiteElo "1942"]
[BlackElo "2065"]
[PlyCount "84"]
[EventDate "2007.02.23"]
[EventType "swiss"]
[EventRounds "5"]
[EventCountry "ITA"]
[SourceTitle "EXT 2010"]
[Source "ChessBase"]
[SourceDate "2010.11.25"]
[SourceVersion "1"]
[SourceVersionDate "2010.11.25"]
[SourceQuality "1"]

1. d4 d5 2. Nf3 Nf6 3. Bf4 c6 4. e3 Bg4 5. Nbd2 e6 6. Bd3 Bd6 7. Bxd6 Qxd6 8. 0-0 Nbd7 9. c4 0-0 10. Qc2 h6 11. a3 Rac8 12. c5 Qc7 13. b4 e5 14. Bf5 e4 15. Bxd7 Nxd7 16. Ne1 Be2 17. g3 Bxf1 18. Kxf1 f5 19. Ng2 g5 20. Ke2 Rf7 21. h3 Nf6 22. Rh1 a5 23. Nb3 axb4 24. axb4 Rcf8 25. Ra1 Nh5 26. Ke1 f4 27. exf4 gxf4 28. g4 Ng7 29. Nd2 Ne6 30. Qb2 Qe7 31. Nf1 Ng5 32. Qb3 Qf6 33. Nh4 Ne6 34. Nf5 Nxd4 35. Nxd4 Qxd4 36. Rd1 Qe5 37. Nd2 Kg7 38. Qb1 Qc3 39. Qb3 Qe5 40. Qb1 f3 41. Nf1 Qc3+ 42. Rd2 Ra8 0-1

[Event "Como Province-ch"]
[Site "Mariano Comense"]
[Date "2002.02.17"]
[Round "6"]
[White "Sironi, Roberto"]
[Black "Romano, Fabio"]
[Result "1/2-1/2"]
[WhiteElo "1698"]
[BlackElo "1771"]
[PlyCount "127"]
[EventDate "2002.02.09"]
[EventType "swiss"]
[EventRounds "6"]
[EventCountry "ITA"]
[SourceTitle "EXT 2024"]
[Source "ChessBase"]
[SourceDate "2023.10.10"]
[SourceVersion "1"]
[SourceVersionDate "2023.10.10"]
[SourceQuality "1"]

1. d4 Nf6 2. c4 e6 3. Nf3 d5 4. Nc3 c6 5. Bg5 Be7 6. e3 Nbd7 7. c5 h6 8. Bh4 Nh5 9. Bxe7 Qxe7 10. Ne5 Nxe5 11. dxe5 g6 12. Qd4 Rb8 13. Bd3 Ng7 14. Na4 Nf5 15. Qc3 Qh4 16. Bc2 d4 17. exd4 Nxd4 18. Rd1 Nxc2+ 19. Qxc2 Qg5 20. 0-0 Qxe5 21. Qd2 Qc7 22. Nc3 b6 23. b4 Ba6 24. Rfe1 Rd8 25. Qe3 Ke7 26. Rxd8 Qxd8 27. Qe5 Qb8 28. Qe3 Bc4 29. a4 Rd8 30. Qxh6 Rh8 31. Qg5+ f6 32. Qg3 Qxg3 33. hxg3 Rd8 34. Ne4 Bb3 35. a5 bxa5 36. bxa5 Rd1 37. Rxd1 Bxd1 38. Kf1 Bb3 39. f3 e5 40. Kf2 Ke6 41. Nc3 Kd7 42. f4 Ke6 43. Ke3 Bd5 44. Kf2 Kf5 45. g4+ Ke6 46. g3 exf4 47. gxf4 g5 48. Ke3 gxf4+ 49. Kxf4 Bg2 50. Nd1 Bh1 51. Ne3 Bd5 52. Nd1 Bb3 53. Nc3 Bc4 54. Ke3 Ke5 55. Ne4 Be6 56. g5 fxg5 57. Nxg5 Bf5 58. Nf3+ Kd5 59. Nd4 Bc8 60. Kd3 Kxc5 61. Kc3 Bg4 62. Nb3+ Kb5 63. Nd4+ Kc5 64. Nb3+ 1/2-1/2

[Event "Como Province-ch"]
[Site "Mariano Comense"]
[Date "2002.02.10"]
[Round "2"]
[White "Rossi, Giampiero"]
[Black "Sironi, Roberto"]
[Result "1-0"]
[WhiteElo "2065"]
[BlackElo "1698"]
[PlyCount "107"]
[EventDate "2002.02.09"]
[EventType "swiss"]
[EventRounds "6"]
[EventCountry "ITA"]
[SourceTitle "EXT 2024"]
[Source "ChessBase"]
[SourceDate "2023.10.10"]
[SourceVersion "1"]
[SourceVersionDate "2023.10.10"]
[SourceQuality "1"]

1. d4 e6 2. c4 Nf6 3. Nc3 Be7 4. Bg5 d5 5. e3 Nbd7 6. Qc2 0-0 7. cxd5 exd5 8. Bd3 h6 9. Bh4 c5 10. Nge2 b6 11. 0-0 Bb7 12. Rfd1 Rc8 13. Bf5 g6 14. Bxg6 fxg6 15. Qxg6+ Kh8 16. Qxh6+ Nh7 17. Bxe7 Qxe7 18. Nf4 Qf6 19. Qxf6+ Rxf6 20. dxc5 Nxc5 21. Ncxd5 Rf7 22. Ne7 Re8 23. b4 Ne6 24. Neg6+ Kg7 25. Nxe6+ Rxe6 26. Nf4 Re5 27. Rd4 Nf6 28. Rc1 Nh5 29. Nxh5+ Rxh5 30. f3 Rg5 31. e4 Ba6 32. Kf2 Re5 33. g3 Ree7 34. f4 Rc7 35. Rdd1 Bc4 36. a3 b5 37. e5 Rcd7 38. Ke3 Kg6 39. g4 Rh7 40. Rxd7 Rxd7 41. Rc3 Rh7 42. Ke4 Rxh2 43. f5+ Kf7 44. g5 Rh4+ 45. Ke3 Rg4 46. g6+ Kg7 47. Kf3 Rh4 48. Re3 Bd5+ 49. Kg3 Re4 50. Rxe4 Bxe4 51. Kf4 Bd3 52. Kg5 Bc4 53. e6 Bd5 54. e7 1-0

[Event "Como Province-ch"]
[Site "Mariano Comense"]
[Date "2002.02.10"]
[Round "3"]
[White "Sironi, Roberto"]
[Black "Vignotto, Ciro"]
[Result "1/2-1/2"]
[WhiteElo "1698"]
[BlackElo "1618"]
[PlyCount "115"]
[EventDate "2002.02.09"]
[EventType "swiss"]
[EventRounds "6"]
[EventCountry "ITA"]
[SourceTitle "EXT 2024"]
[Source "ChessBase"]
[SourceDate "2023.10.10"]
[SourceVersion "1"]
[SourceVersionDate "2023.10.10"]
[SourceQuality "1"]

1. d4 d5 2. c4 e6 3. Nf3 Nf6 4. Nc3 Nbd7 5. Bg5 Be7 6. e3 0-0 7. Bd3 c6 8. h4 Re8 9. c5 Nf8 10. b4 N6d7 11. Qc2 Bf6 12. Ne5 Be7 13. Bxe7 Qxe7 14. f4 f6 15. Nxd7 Bxd7 16. 0-0-0 a5 17. b5 cxb5 18. Bxb5 Rec8 19. f5 b6 20. Bxd7 Nxd7 21. cxb6 Nxb6 22. Kd2 exf5 23. Qd3 Nc4+ 24. Ke2 Qe6 25. Rdf1 Re8 26. Rh3 g6 27. Rg3 Kf7 28. Rgf3 Rab8 29. Nd1 h5 30. Kf2 Qe4 31. Qxe4 Rxe4 32. Nc3 Rb2+ 33. Kg1 Nxe3 34. Nxe4 Nxf1 35. Nc5 Nd2 36. Ra3 Nc4 37. Ra4 Rb4 38. Rxb4 axb4 39. Na6 Ke7 40. Nxb4 Kd6 41. Kf2 g5 42. g3 Na5 43. Ke3 Nc6 44. Nd3 Na7 45. Nf2 f4+ 46. gxf4 gxh4 47. Nh3 Ke6 48. Ng1 Kf5 49. a4 Kg4 50. Ne2 h3 51. Kf2 Nc6 52. Nc3 Nb4 53. a5 Kxf4 54. a6 Nxa6 55. Nxd5+ Kf5 56. Kg3 Nb8 57. Kxh3 Nc6 58. Kh4 1/2-1/2